Red, White, & Blue Flags - Sudden Death - Statistics

General Stats
  • This quiz has been taken 741 times
  • The average score is 16 of 21
Answers on the Grid
Answers color-coded by a green-red scale on the quiz's grid according to % correct below.
Albania
Armenia
Australia
Belarus
Botswana
Bulgaria
Cambodia
Chad
Costa Rica
Cuba
Cyprus
Czech Republic
Egypt
Estonia
France
Georgia
Iceland
Iran
Jamaica
Jordan
Laos
Liberia
Libya
Luxembourg
Madagascar
Mauritius
Netherlands
North Korea
Norway
Oman
Palau
Panama
Romania
Russia
Samoa
Sierra Leone
Singapore
Slovakia
Somalia
South Korea
Sweden
Thailand
Uganda
Ukraine
United Kingdom
United States
Yemen
Zambia
 
Answer Stats
Answer % Correct
United Kingdom
89%
United States
89%
Australia
88%
France
85%
Russia
82%
Czech Republic
80%
Iceland
80%
Netherlands
80%
Luxembourg
78%
Costa Rica
77%
Cuba
77%
Norway
75%
Slovakia
72%
Thailand
72%
North Korea
70%
Panama
68%
Liberia
65%
South Korea
64%
Cambodia
60%
Laos
58%
Samoa
50%
No matching quizzes found
Score Distribution
Percent of People with Each Score
Percentile by Number Answered
Your Score History
You have not taken this quiz